Olympics medal table - Football - Statistics

General Stats
  • This quiz has been taken 39 times
  • The average score is 15 of 18
Answer Stats
Total Gold Silver Bronze Nation % Correct
4 2 2 0 Argentina
100%
4 1 3 0 Spain
100%
9 2 5 2 Brazil
97%
8 4 2 2 United States
97%
3 1 1 1 East Germany
89%
5 1 1 3 Germany
89%
3 1 0 2 Italy
89%
3 0 0 3 Netherlands
87%
3 3 0 0 Great Britain
84%
3 1 2 0 Poland
84%
5 1 2 2 Sweden
84%
4 2 0 2 Canada
82%
4 0 3 1 Denmark
74%
3 1 0 2 Norway
74%
5 3 1 1 Hungary
71%
5 2 0 3 Soviet Union
68%
3 1 1 1 Nigeria
63%
5 1 3 1 Yugoslavia
63%
No matching quizzes found
Score Distribution
Percent of People with Each Score
Percentile by Number Answered
Your Score History
You have not taken this quiz